[Event "zonal 1.7"]
[Site "Riga LAT"]
[Date "1995.03.??"]
[Round "11"]
[White "Fridmans, Daniels"]
[Black "Kulaots, Kaido"]
[Result "1/2-1/2"]
[WhiteElo "2440"]
[BlackElo "2410"]
[EventDate "1995.03.12"]
[PlyCount "59"]

1.d4 Nf6 2.Nf3 e6 3.c4 d5 4.g3 dxc4 5.Bg2 Nc6 6.Qa4 Bd7 7.Qxc4 Na5 8.Qc2 
Rc8 9.O-O c5 10.Nc3 Nc6 11.dxc5 Bxc5 12.Bg5 Be7 13.Rad1 O-O 14.Rd2 h6 15.
Bxf6 Bxf6 16.Ne4 Be7 17.Rfd1 Nb8 18.Qb3 Qc7 19.Nd6 Bxd6 20.Rxd6 Bc6 21.Qa3
Bd5 22.Nd4 Bxg2 23.Kxg2 a6 24.Nb3 Rfd8 25.Qc5 Qxc5 26.Rxd8+ Qf8 27.Rxf8+ 
Kxf8 28.Rd6 Nc6 29.Rd7 Nd8 30.Rd2 1/2-1/2

[Event "zonal 1.7"]
[Site "Riga LAT"]
[Date "1995.03.??"]
[Round "11"]
[White "Kaunas, Kestutis"]
[Black "Sulskis, Sarunas"]
[Result "1/2-1/2"]
[WhiteElo "2415"]
[BlackElo "2470"]
[EventDate "1995.03.12"]
[PlyCount "73"]

1.d4 d5 2.c4 dxc4 3.Nf3 Nf6 4.e3 e6 5.Bxc4 a6 6.O-O c5 7.dxc5 Bxc5 8.Qxd8+
Kxd8 9.b3 b5 10.Be2 Bb7 11.a4 bxa4 12.Ne5 Ke7 13.Rxa4 Nbd7 14.Nxd7 Nxd7 
15.Nd2 Nf6 16.Ba3 Bxa3 17.Rxa3 Nd7 18.Rfa1 Rhb8 19.f3 Nc5 20.e4 f6 21.Kf2 
e5 22.Ke3 Bc8 23.Rc1 Ne6 24.Bc4 Ra7 25.g3 g5 26.h4 gxh4 27.Rh1 Nd4 28.Ra5 
h3 29.g4 Be6 30.Rxh3 Bxc4 31.bxc4 Kf8 32.g5 Rb2 33.Rd5 Nc2+ 34.Ke2 Nd4+ 
35.Ke3 Nc2+ 36.Ke2 Nd4+ 37.Ke3 1/2-1/2

[Event "zonal 1.7"]
[Site "Riga LAT"]
[Date "1995.03.??"]
[Round "11"]
[White "Miezis, Normunds"]
[Black "Piesina, Gintautas"]
[Result "1-0"]
[WhiteElo "2435"]
[BlackElo "2400"]
[EventDate "1995.03.12"]
[PlyCount "88"]

1.c4 g6 2.Nc3 c5 3.g3 Bg7 4.Bg2 Nc6 5.d3 Nf6 6.e4 O-O 7.Nge2 a6 8.O-O Rb8 
9.a4 d6 10.h3 Ne8 11.Be3 Nc7 12.d4 cxd4 13.Nxd4 Nxd4 14.Bxd4 Bxd4 15.Qxd4 
e5 16.Qe3 b6 17.f4 f6 18.Rad1 Be6 19.Qd3 Ne8 20.f5 Bf7 21.h4 Kh8 22.b3 Rb7
23.Qe3 g5 24.Bf3 Rg8 25.Kf2 Qe7 26.Rh1 Nc7 27.Be2 b5 28.axb5 axb5 29.Nxb5 
Nxb5 30.cxb5 Be8 31.Bc4 Rg7 32.Qd3 Rb6 33.Ra1 gxh4 34.Rxh4 d5 35.Qxd5 h5 
36.Rah1 Rb8 37.Be2 Qa7+ 38.Kg2 Qe3 39.Rxh5+ Bxh5 40.Rxh5+ Rh7 41.Rxh7+ 
Kxh7 42.Qf7+ Kh8 43.Qxf6+ Kh7 44.Qe7+ Kh8 1-0

[Event "zonal 1.7"]
[Site "Riga LAT"]
[Date "1995.03.??"]
[Round "11"]
[White "Rotsagov, Mihhail"]
[Black "Sepp, Olav"]
[Result "1/2-1/2"]
[WhiteElo "2485"]
[BlackElo "2460"]
[EventDate "1995.03.12"]
[PlyCount "26"]

1.e4 e5 2.Nf3 Nc6 3.Nc3 Nf6 4.d4 exd4 5.Nxd4 Bb4 6.Nxc6 bxc6 7.Bd3 d5 8.
exd5 cxd5 9.O-O O-O 10.Bg5 c6 11.Na4 h6 12.Bh4 Re8 13.c4 Bd6 1/2-1/2

[Event "zonal 1.7"]
[Site "Riga LAT"]
[Date "1995.03.??"]
[Round "11"]
[White "Zapolskis, Antanas"]
[Black "Sokolovs, Andrejs"]
[Result "1/2-1/2"]
[WhiteElo "2360"]
[BlackElo "2520"]
[EventDate "1995.03.12"]
[PlyCount "66"]

1.e4 e5 2.Nf3 Nc6 3.Bb5 a6 4.Ba4 Nf6 5.O-O b5 6.Bb3 Bb7 7.d4 Nxd4 8.Nxd4 
exd4 9.e5 Ne4 10.c3 d3 11.Qxd3 Nc5 12.Qg3 Nxb3 13.axb3 Qe7 14.Na3 Qe6 15.
b4 Qg6 16.Qxg6 hxg6 17.Be3 d6 18.Bd4 c5 19.bxc5 dxc5 20.Be3 O-O-O 21.Nc2 
Rd5 22.Bf4 g5 23.Bxg5 Rxe5 24.Be3 Bd6 25.Rfd1 Re6 26.h3 Rg6 27.Ne1 f5 28.
f3 Re8 29.Bf2 c4 30.Kf1 Bf4 31.Nc2 Rd6 32.Nd4 g6 33.Re1 Rxe1+ 1/2-1/2

[Event "zonal 1.7"]
[Site "Riga LAT"]
[Date "1995.03.??"]
[Round "12"]
[White "Fridmans, Daniels"]
[Black "Zapolskis, Antanas"]
[Result "1/2-1/2"]
[WhiteElo "2440"]
[BlackElo "2360"]
[EventDate "1995.03.12"]
[PlyCount "89"]

1.d4 d5 2.c4 c6 3.Nf3 Nf6 4.Nc3 dxc4 5.a4 Na6 6.e3 Bg4 7.Bxc4 e6 8.h3 Bxf3
9.Qxf3 Nb4 10.O-O Be7 11.Rd1 O-O 12.a5 b5 13.Bb3 a6 14.e4 Nd7 15.Qg3 Kh8 
16.Bf4 Bh4 17.Qh2 Rc8 18.Bd6 Be7 19.d5 exd5 20.exd5 Bxd6 21.Qxd6 c5 22.Na2
Nxa2 23.Bxa2 Nb8 24.Qb6 Kg8 25.Rac1 Qxb6 26.axb6 Nd7 27.b7 Rb8 28.Re1 Rxb7
29.Re7 c4 30.d6 Nc5 31.Rd1 Rd8 32.Rd5 Nd7 33.b3 cxb3 34.Bxb3 Kf8 35.g4 Nf6
36.Rde5 g5 37.Rxg5 Rxe7 38.dxe7+ Kxe7 39.Rg7 Rf8 40.g5 Ne4 41.f4 a5 42.
Rxh7 a4 43.Bxf7 Rxf7 44.g6 Nd6 45.g7 1/2-1/2

[Event "zonal 1.7"]
[Site "Riga LAT"]
[Date "1995.03.??"]
[Round "12"]
[White "Kulaots, Kaido"]
[Black "Piesina, Gintautas"]
[Result "1-0"]
[WhiteElo "2410"]
[BlackElo "2400"]
[EventDate "1995.03.12"]
[PlyCount "93"]

1.e4 c5 2.Nf3 d6 3.d4 cxd4 4.Nxd4 Nf6 5.Nc3 e6 6.g3 Nc6 7.Bg2 Bd7 8.O-O 
Be7 9.Be3 O-O 10.Qe2 a6 11.Rad1 Qc7 12.f4 Nxd4 13.Bxd4 Bc6 14.Bf2 b5 15.a3
Rfe8 16.g4 Nd7 17.Rd3 Bf8 18.g5 g6 19.Rh3 Bg7 20.Rd1 Rab8 21.Qd3 Bf8 22.
Qg3 b4 23.axb4 Rxb4 24.Qh4 h5 25.gxh6 Kh7 26.b3 Be7 27.Qg3 Bb7 28.Qd3 Nc5 
29.Qe3 Rc8 30.Qe1 Bf6 31.Nd5 exd5 32.Qxb4 dxe4 33.c4 a5 34.Qa3 Re8 35.b4 
axb4 36.Qxb4 Qe7 37.Re3 Bc6 38.Qd2 Rd8 39.Ra3 d5 40.cxd5 Rxd5 41.Qc2 Rh5 
42.Be3 Bb5 43.Ra5 Bd3 44.Qa2 Qd7 45.Ra7 Nb7 46.Rxb7 Qxb7 47.Rxd3 1-0

[Event "zonal 1.7"]
[Site "Riga LAT"]
[Date "1995.03.??"]
[Round "12"]
[White "Sulskis, Sarunas"]
[Black "Kengis, Edvins"]
[Result "1-0"]
[WhiteElo "2470"]
[BlackElo "2575"]
[EventDate "1995.03.12"]
[PlyCount "65"]

1.e4 Nf6 2.e5 Nd5 3.d4 d6 4.Nf3 c6 5.Be2 dxe5 6.Nxe5 g6 7.O-O Bg7 8.Nd2 
O-O 9.Ndf3 Bf5 10.c4 Nb6 11.Qb3 N8d7 12.Bf4 c5 13.Qe3 Qc8 14.Rad1 a5 15.
Rd2 f6 16.Nxd7 Nxd7 17.Nh4 cxd4 18.Qxe7 Nc5 19.Bc7 Ne6 20.Nxf5 gxf5 21.Bb6
Bh6 22.Rd3 Rf7 23.Qd6 Nf4 24.Rg3+ Kh8 25.Bd3 Qd7 26.Qxd7 Rxd7 27.Re1 Nxd3 
28.Rxd3 Rc8 29.b3 Kg8 30.Rxd4 Rxd4 31.Bxd4 Kf7 32.Kf1 a4 33.Be3 1-0

[Event "zonal 1.7"]
[Site "Riga LAT"]
[Date "1995.03.??"]
[Round "13"]
[White "Kaunas, Kestutis"]
[Black "Rausis, Igors"]
[Result "1/2-1/2"]
[WhiteElo "2415"]
[BlackElo "2495"]
[EventDate "1995.03.12"]
[PlyCount "85"]

1.d4 d5 2.c4 Bf5 3.cxd5 Bxb1 4.Qa4+ c6 5.dxc6 Nxc6 6.Rxb1 e5 7.Bd2 Qxd4 8.
Qxd4 exd4 9.g3 Bc5 10.Bg2 Nge7 11.Nh3 a5 12.Nf4 O-O 13.Rc1 Bb4 14.a3 Bd6 
15.O-O Ra6 16.Nd3 Rb6 17.Rc4 h6 18.Rfc1 Ra8 19.Kf1 g5 20.Ke1 Raa6 21.R1c2 
Rb5 22.Nc5 Bxc5 23.Rxc5 Rab6 24.Bc1 f6 25.Kd2 Kf7 26.Rxb5 Rxb5 27.Kd3 Rb3+
28.Kc4 a4 29.Bxc6 Nxc6 30.Rd2 Ke6 31.Kc5 Ne5 32.Kxd4 b6 33.Rc2 Ng4 34.f3 
Nxh2 35.Rc6+ Kf7 36.g4 Nf1 37.Rc3 Rb5 38.e4 Ng3 39.Ke3 h5 40.Kf2 h4 41.Rc4
Ke6 42.Rc6+ Kd7 43.Rc2 1/2-1/2

[Event "zonal 1.7"]
[Site "Riga LAT"]
[Date "1995.03.??"]
[Round "13"]
[White "Kengis, Edvins"]
[Black "Sepp, Olav"]
[Result "1-0"]
[WhiteElo "2575"]
[BlackElo "2460"]
[EventDate "1995.03.12"]
[PlyCount "115"]

1.e4 e5 2.Nf3 Nc6 3.Bb5 a6 4.Ba4 Nf6 5.Qe2 b5 6.Bb3 Be7 7.O-O d6 8.c3 O-O 
9.Rd1 Na5 10.Bc2 c5 11.d4 Qc7 12.d5 Nc4 13.b3 Nb6 14.a4 Bd7 15.h3 bxa4 16.
bxa4 c4 17.Be3 a5 18.Nbd2 Rfc8 19.Bxb6 Qxb6 20.Nxc4 Qc5 21.Nfd2 Rab8 22.
Rdb1 Ne8 23.Rxb8 Rxb8 24.Nb3 Qc7 25.Nbxa5 Ra8 26.Nc6 Bxc6 27.dxc6 Qxc6 28.
a5 Nc7 29.Qd3 Qc5 30.g3 h5 31.h4 g6 32.Bb3 Kg7 33.Rd1 Qb5 34.Ba2 Ra6 35.
Rb1 Qa4 36.Qe2 Qc6 37.Rb6 Rxb6 38.axb6 Ne6 39.Qb2 Nc5 40.Ne3 Bd8 41.Nd5 
Qb7 42.Qb4 Qa6 43.Qc4 Qc8 44.Ne7 Qe6 45.Qxc5 dxc5 46.Bxe6 Bxe7 47.Bd5 Bd8 
48.b7 Bc7 49.Kf1 Kf8 50.Ke2 Ke7 51.Kd3 f5 52.Kc4 Kd6 53.Kb5 c4 54.Ka6 Bb8 
55.Kb6 Kd7 56.Bf7 fxe4 57.Bxg6 e3 58.fxe3 1-0

[Event "zonal 1.7"]
[Site "Riga LAT"]
[Date "1995.03.??"]
[Round "13"]
[White "Miezis, Normunds"]
[Black "Sulskis, Sarunas"]
[Result "1/2-1/2"]
[WhiteElo "2435"]
[BlackElo "2470"]
[EventDate "1995.03.12"]
[PlyCount "106"]

1.c4 e6 2.e4 c5 3.Nc3 Nc6 4.g3 g6 5.Bg2 Bg7 6.Nge2 Nge7 7.a3 O-O 8.Rb1 Nd4
9.O-O Nxe2+ 10.Qxe2 Nc6 11.d3 a6 12.Be3 d6 13.Qd2 Bd7 14.b4 b6 15.f4 Nd4 
16.e5 dxe5 17.Bxa8 exf4 18.Rxf4 Qxa8 19.bxc5 bxc5 20.Ne4 Bc6 21.Nf6+ Bxf6 
22.Rxf6 Nf3+ 23.Rxf3 Bxf3 24.Bh6 Rb8 25.Rf1 Bh1 26.h4 Rb3 27.Qh2 Bc6 28.
Qf2 f5 29.Qe1 Qe8 30.Qe5 Qe7 31.g4 Rxd3 32.Rb1 Rd8 33.gxf5 gxf5 34.Kf1 Qd7
35.Qg3+ Kh8 36.Qc3+ Qd4 37.Qxd4+ cxd4 38.Rb6 Be4 39.Rxe6 Bd3+ 40.Ke1 Bxc4 
41.Re7 d3 42.Kd2 f4 43.Bxf4 h5 44.a4 Kg8 45.Rc7 Rd4 46.Bg5 Bf7 47.a5 Ra4 
48.Kxd3 Rxa5 49.Ke4 Rb5 50.Ra7 Bd5+ 51.Ke5 Bf7+ 52.Kf6 Rb6+ 53.Ke5 Kg7 
1/2-1/2

[Event "zonal 1.7"]
[Site "Riga LAT"]
[Date "1995.03.??"]
[Round "13"]
[White "Zapolskis, Antanas"]
[Black "Kulaots, Kaido"]
[Result "1/2-1/2"]
[WhiteElo "2360"]
[BlackElo "2410"]
[EventDate "1995.03.12"]
[PlyCount "24"]

1.e4 c5 2.Nf3 e6 3.d4 cxd4 4.Nxd4 Nf6 5.Nc3 Nc6 6.Ndb5 d6 7.Bf4 e5 8.Bg5 
a6 9.Na3 b5 10.Nd5 Qa5+ 11.Bd2 Qd8 12.Bg5 Qa5+ 1/2-1/2